| 000 | 00607nam a2200229 a 4500 | ||
|---|---|---|---|
| 999 |
_c5044 _d5044 |
||
| 001 | 5044 | ||
| 003 | BD-JhCC | ||
| 005 | 20171213093244.0 | ||
| 008 | 171207s1959 bg ||||| |||| 00| 0 eng d | ||
| 035 | _a(BD-JhCC)5044 | ||
| 040 |
_aBD-JhCC _dBD-JhCC |
||
| 041 | _aeng | ||
| 082 |
_a423.9144 _bDEV 1958 |
||
| 100 | _aDev, Ashu Tosh | ||
| 245 |
_aStudent's Favourite Dictionary : _bEnglish to Bengali & English / _cAshu Tosh Dev |
||
| 250 | _a19th ed. | ||
| 260 |
_aDHAKA : _bAbdur Rashid, _c1958. |
||
| 300 |
_a1558 p. : _c18 cm. |
||
| 650 | _aEnglish Dictionories | ||
| 942 |
_2ddc _cBK |
||